000 00576nam a2200133Ia 4500
008 171212s9999 xx 000 0 und d
020 _a9780731538133
245 _ceditor Song, Ligang;Garnaut, Ross
_aChina - Linking Markets for Growth
260 _bANU E Press
_c2007
440 _aChina Update Series
650 _aEconomics
650 _aFree enterprise -- China; International business enterprises -- China; Labour market -- China; Energy consumption -- China; China -- Economic conditions; China -- Commercial policy
856 _uwww.jstor.org/stable/10.2307/j.ctt24h8xz
999 _c351028
_d351028